The backward society
Сохранить в:
| Главный автор: | |
|---|---|
| Формат: | |
| Язык: | Undetermined |
| Опубликовано: |
London
Longmans
1961
|
| Предметы: | |
| Метки: |
Добавить метку
Нет меток, Требуется 1-ая метка записи!
|
| Thư viện lưu trữ: | Trung tâm Học liệu Trường Đại học Cần Thơ |
|---|
| LEADER | 00458nam a2200181Ia 4500 | ||
|---|---|---|---|
| 001 | CTU_105035 | ||
| 008 | 210402s9999 xx 000 0 und d | ||
| 082 | |a 338.91 | ||
| 082 | |b F939 | ||
| 100 | |a Frost, Raymond | ||
| 245 | 4 | |a The backward society | |
| 245 | 0 | |c Raymond Frost | |
| 260 | |a London | ||
| 260 | |b Longmans | ||
| 260 | |c 1961 | ||
| 650 | |a Developing countries | ||
| 904 | |i Hiếu | ||
| 980 | |a Trung tâm Học liệu Trường Đại học Cần Thơ | ||